| 000 | 00526nam a2200181 a 4500 | ||
|---|---|---|---|
| 001 | 3576 | ||
| 005 | 20140414132017.0 | ||
| 008 | 040601s19uu xx 00 eng d | ||
| 020 | _a0-02-179041-8 | ||
| 050 |
_aTR _bC83 1991 |
||
| 100 | _aAylesworth, Jim | ||
| 245 |
_aCountry crossing / _cby Jim Aylesworth; illustrated by Ted Rand. |
||
| 260 |
_aNew York : _bMacmillan/McGraw-Hill School, _c1991. |
||
| 300 | _a1 v. (unp.) : ill. ; cm. | ||
| 650 | _aRailroads--Fiction. | ||
| 650 | _aChildren stories. | ||
| 999 |
_c113389 _d113389 |
||